| 000 -LEADER |
| fixed length control field |
01578nam a22001577a 4500 |
| 008 - FIXED-LENGTH DATA ELEMENTS--GENERAL INFORMATION |
| fixed length control field |
200924b ||||| |||| 00| 0 eng d |
| 100 ## - MAIN ENTRY--PERSONAL NAME |
| Personal name |
Singh, Chetna |
| 245 ## - TITLE STATEMENT |
| Title |
Metropolitan and peri-urban governance in India: case study of Chennai metropolitan area |
| 260 ## - PUBLICATION, DISTRIBUTION, ETC. (IMPRINT) |
| Place of publication, distribution, etc |
Indian Journal of Public Administration |
| 300 ## - PHYSICAL DESCRIPTION |
| Extent |
66(1), Mar, 2020: p.60-76 |
| 520 ## - SUMMARY, ETC. |
| Summary, etc |
The rapid growth and economic importance of metropolitan cities is a known fact world over. These cities have increased in number over a period of time and have immense economic importance for their countries. They account for more than half of the world’s wealth. Moreover, some of the larger metropolitan cities in South Asia account for one-third and even more of the national GDP. The fast pace of growth of metropolitan cities and their peri-urban areas and the resulting spatial transformation is one of the most striking features of India’s urban scenario. In this context, planning and basic service provisions are the two components that warrant special attention in metropolitan regions for organised spatial, economic and social development. The present paper emphasises on the need for better service provision in peri-urban areas. It recommends a strategy to govern metropolitan regions so that the peri-urban areas can also get equitable treatment in the development process. - Reproduced |
| 650 ## - SUBJECT ADDED ENTRY--TOPICAL TERM |
| Topical term or geographic name as entry element |
Peri-urban, Metropolitan, Governance, Planning, Service delivery |
| 9 (RLIN) |
17968 |
| 773 ## - HOST ITEM ENTRY |
| Main entry heading |
Indian Journal of Public Administration |
| 906 ## - LOCAL DATA ELEMENT F, LDF (RLIN) |
| Subject DIP |
URBAN DEVELOPMENT - INDIA |
| 942 ## - ADDED ENTRY ELEMENTS (KOHA) |
| Item type |
Articles |